Online katalóg knižníc regiónu Turca

My správne ženy (Record no. 22457)

MARC details
000 -LEADER
fixed length control field 01042cam a2200349 a 4500
001 - CONTROL NUMBER
control field 22457
003 - CONTROL NUMBER IDENTIFIER
control field SK-KTurca
005 - DATE AND TIME OF LATEST TRANSACTION
control field 20260328124633.0
008 - FIXED-LENGTH DATA ELEMENTS--GENERAL INFORMATION
fixed length control field 240606s1994 xo g 0000f slo
015 ## - NATIONAL BIBLIOGRAPHY NUMBER
National bibliography number SNBA1994/05
020 ## - INTERNATIONAL STANDARD BOOK NUMBER
International Standard Book Number 8006003734
035 ## - SYSTEM CONTROL NUMBER
System control number SNK000017678
040 ## - CATALOGING SOURCE
Original cataloging agency SNK
Language of cataloging slo
Transcribing agency SNK
Description conventions AACR2
041 0# - LANGUAGE CODE
Language code of text/sound track or separate title slo
044 ## - COUNTRY OF PUBLISHING/PRODUCING ENTITY CODE
MARC country code xo
ISO country code SK
080 ## - UNIVERSAL DECIMAL CLASSIFICATION NUMBER
Universal Decimal Classification number 820 (73)-3
Edition identifier 1981
100 1# - MAIN ENTRY--PERSONAL NAME
Personal name MacDonald, Betty Bard,
Dates associated with a name 1908-1958
Relationship aut
245 10 - TITLE STATEMENT
Title My správne ženy
Statement of responsibility, etc. Betty MacDonaldová ; preložila Oľga Kralovičová
250 ## - EDITION STATEMENT
Edition statement 1.vyd.
260 ## - PUBLICATION, DISTRIBUTION, ETC.
Place of publication, distribution, etc. Bratislava
Name of publisher, distributor, etc. Mladé letá
Date of publication, distribution, etc. 1994
Place of manufacture Nitra
Manufacturer Nitrianske tlačiarne
300 ## - PHYSICAL DESCRIPTION
Extent 224 s.
Dimensions 21 cm
490 1# - SERIES STATEMENT
Series statement Čajka
500 ## - GENERAL NOTE
General note Preložené z angličtiny
650 07 - SUBJECT ADDED ENTRY--TOPICAL TERM
Topical term or geographic name entry element americké romány
Source of heading or term SNKPH
655 #7 - INDEX TERM--GENRE/FORM
Genre/form data or focus term ľúbostné romány
Source of term SNKPH
700 1# - ADDED ENTRY--PERSONAL NAME
Personal name Kralovičová, Oľga,
Dates associated with a name 1957-
Relationship trl
700 1# - ADDED ENTRY--PERSONAL NAME
Personal name Mydlo, Svetozár,
Dates associated with a name 1948-2014
Relationship bjk
830 #0 - SERIES ADDED ENTRY--UNIFORM TITLE
Uniform title Čajka
942 ## - ADDED ENTRY ELEMENTS (KOHA)
Source of classification or shelving scheme Dewey Decimal Classification
Koha item type Krásna literatúra pre dospelých
Suppress in OPAC No
Holdings
Stav vyradenia Strata Poškodenie Spôsob nadobudnutia Domovská knižnica Aktuálna knižnica Dátum nadobudnutia Total checkouts Čiarový kód exemplára Date last seen Typ exemplára
      Dar Obecná knižnica Horná Štubňa Obecná knižnica Horná Štubňa 28.03.2026   4736202023 28.03.2026 Krásna literatúra pre dospelých
Projekt je podporený Slovenskou asociáciou knižníc
Prevádzkuje Turčianska knižnica Martin 2026